| Tag |
First Indicator |
Second Indicator |
Subfields |
| LEADER |
00000cam a2200000 a 4500 |
| 001 |
in00002364113 |
| 005 |
20211129155104.0 |
| 006 |
m d f |
| 007 |
cr mn||||||||| |
| 008 |
071010s2007 dcu sb f000 0 eng c |
| 035 |
|
|
|a (OCoLC)ocn173968028
|
| 037 |
|
|
|b GAO (202)512-6000 (voice); (202)512-6061 (Fax); (202)512-2537 (TDD)
|f paper copy
|
| 040 |
|
|
|a GPO
|c GPO
|d GPO
|d MvI
|d UtOrBLW
|
| 042 |
|
|
|a pcc
|
| 043 |
|
|
|a n-us---
|
| 049 |
|
|
|a WWW
|
| 074 |
|
|
|a 0545-A-04 (online)
|
| 086 |
0 |
|
|a GA 1.41:GAO-07-706 R
|
| 088 |
|
|
|a GAO-07-706 R
|
| 100 |
1 |
|
|a Larence, Eileen Regen.
|
| 245 |
1 |
0 |
|a Critical infrastructure protection :
|b sector plans and sector councils continue to evolve.
|
| 246 |
3 |
0 |
|a Sector plans and sector councils continue to evolve
|
| 264 |
|
1 |
|a Washington, DC :
|b U.S. Govt. Accountability Office,
|c [2007]
|
| 300 |
|
|
|a 18 pages :
|b digital, PDF file.
|
| 336 |
|
|
|a text
|b txt
|2 rdacontent
|
| 337 |
|
|
|a computer
|b c
|2 rdamedia
|
| 338 |
|
|
|a online resource
|b cr
|2 rdacarrier
|
| 538 |
|
|
|a Mode of access: Internet from GPO Access web site. Address as of 9/12/07: http://frwebgate.access.gpo.gov/cgi-bin/getdoc.cgi?dbname=gao&docid=f:d07706r.pdf ; current access available via PURL.
|
| 500 |
|
|
|a Title from title screen (viewed on Sept. 12, 2007).
|
| 500 |
|
|
|a Author: Eileen R. Larence.
|
| 500 |
|
|
|a "July 10, 2007."
|
| 500 |
|
|
|a Paper version available from: U.S. Govt. Accountability Office, 441 G St., NW, Rm. LM, Washington, D.C. 20548.
|
| 504 |
|
|
|a Includes bibliographical references.
|
| 500 |
|
|
|a "GAO-07-706R."
|
| 500 |
|
|
|a Electronic resource.
|
| 610 |
1 |
0 |
|a United States.
|b Department of Homeland Security
|v Rules and practice.
|
| 650 |
|
0 |
|a Emergency management
|z United States.
|
| 650 |
|
0 |
|a National security
|z United States.
|
| 650 |
|
0 |
|a Infrastructure (Economics)
|z United States.
|
| 710 |
1 |
|
|a United States.
|b Government Accountability Office.
|
| 856 |
4 |
0 |
|u https://purl.fdlp.gov/GPO/LPS85744
|t 0
|
| 999 |
|
|
|a MARS
|
| 999 |
f |
f |
|s ef49508d-21fa-3855-8ce5-e798934c9d73
|i db3551f5-6979-33cb-b16e-34ce27a096a6
|t 0
|
| 952 |
f |
f |
|a Texas A&M University
|b College Station
|c Electronic Resources
|d Available Online
|t 0
|e GA 1.41:GAO-07-706 R
|h Superintendent of Documents classification
|
| 998 |
f |
f |
|a GA 1.41:GAO-07-706 R
|t 0
|l Available Online
|